000 00667nam a2200205Ii 4500
003 JO-AjNU
008 230605s9999||||xx |||||||||||||| ||und||
040 _aJO-AjNU
_bara
_erda
_cJO-AjNU
041 _aara
050 1 4 _aKMM4405.J6772.1981
100 3 _aاعداد نبيل ، طارق شفيق ,
_eauthor
_946576
245 0 0 _aمجموعة التشريعات العدلية الحقوقية
250 _a(د،ط)
264 3 1 _aعمان : نقابة المحامين ، 1981
300 _a286ص
336 _atext
_btxt
_2rdacontent
337 _aunmediated
_bn
_2rdamedia
338 _avolume
_bnc
_2rdacarrier
650 4 _aقانون -- الاردن
_946577
999 _aA20273
_c23841
_d23841